The homeworking revolution: considering the property dimension (Record no. 63801)

MARC details
000 -LEADER
fixed length control field 00900cam a2200253 4500
001 - CONTROL NUMBER
control field ABS62434
008 - FIXED-LENGTH DATA ELEMENTS--GENERAL INFORMATION
fixed length control field 000000n2000 000 0 eng u
035 ## - SYSTEM CONTROL NUMBER
System control number (Sirsi) u106506
100 ## - MAIN ENTRY--PERSONAL NAME
Personal name Green, H.
100 ## - MAIN ENTRY--PERSONAL NAME
Personal name Strange, A.
100 ## - MAIN ENTRY--PERSONAL NAME
Personal name Trache, H.
245 #4 - TITLE STATEMENT
Title The homeworking revolution: considering the property dimension
260 ## - PUBLICATION, DISTRIBUTION, ETC.
Date of publication, distribution, etc. 2000
490 ## - SERIES STATEMENT
Series statement Regional Studies
Volume/sequential designation 34(3) May 2000, 303-306(4)
520 ## - SUMMARY, ETC.
Summary, etc. Reviews the current debate about working from home. Focuses on the issue of the suitability of domestic accommodation as a location for business activity. Points are illustrated with evidence from recent homeworking initiatives. References.
590 ## - LOCAL NOTE (RLIN)
Local note ABS
650 ## - SUBJECT ADDED ENTRY--TOPICAL TERM
Topical term or geographic name entry element TELEWORKING
650 ## - SUBJECT ADDED ENTRY--TOPICAL TERM
Topical term or geographic name entry element HOMEWORKING
650 ## - SUBJECT ADDED ENTRY--TOPICAL TERM
Topical term or geographic name entry element FLEXIBLE WORKING
650 ## - SUBJECT ADDED ENTRY--TOPICAL TERM
Topical term or geographic name entry element EMPLOYMENT POLICY
650 ## - SUBJECT ADDED ENTRY--TOPICAL TERM
Topical term or geographic name entry element HUMAN RESOURCES
690 ## - LOCAL SUBJECT ADDED ENTRY--TOPICAL TERM (OCLC, RLIN)
Topical term or geographic name as entry element MANAGEMENT-BUSINESS MANAGEMENT
942 ## - ADDED ENTRY ELEMENTS (KOHA)
Suppress in OPAC 0
Holdings
Withdrawn status Lost status Source of classification or shelving scheme Damaged status Not for loan Home library Current library Shelving location Date acquired Total Checkouts Full call number Barcode Date last seen Copy number Price effective from Koha item type
    Dewey Decimal Classification     London London Journal article 16/06/2000   ABS62434 106506-1001 06/08/2019 1 06/08/2019 Journal article